[Event "Petr Izmailov Mem"]
[Site "Tomsk RUS"]
[Date "2009.06.29"]
[Round "6"]
[White "Kokarev,Dm"]
[Black "Badmatsyrenov,O"]
[Result "1-0"]
[WhiteElo "2603"]
[BlackElo "2386"]

1.e4 c5 2.Nf3 e6 3.d4 cxd4 4.Nxd4 a6 5.Bd3 Bc5 6.Nb3 Be7 7.Be3 d6 8.N1d2 Nf6
9.f4 Nc6 10.c3 e5 11.f5 g6 12.Qe2 gxf5 13.exf5 d5 14.O-O-O Rg8 15.h3 Qc7
16.g4 d4 17.Bh6 Nb4 18.Kb1 dxc3 19.bxc3 Nxd3 20.Qxd3 Bd7 21.g5 Nh5 22.f6 Bf8
23.Qxh7 O-O-O 24.Bxf8 Rxg5 25.Qh6 Bf5+ 26.Kb2 Rg3 27.Nb1 Nf4 28.Rxd8+ Qxd8
29.Ba3 Rg8 30.Ka1 Qd3 31.Qh4 Rg2 32.Qh8+ Kc7 33.Qf8 Ne6 34.Qe7+ Kb6 35.Bb2 Kc6
36.Na5+ Kd5 37.Qxb7+  1-0

[Event "ZMD Open"]
[Site "Dresden GER"]
[Date "2009.07.02"]
[Round "9"]
[White "Hera,I"]
[Black "Farago,I"]
[Result "1/2-1/2"]
[WhiteElo "2557"]
[BlackElo "2511"]

1.e4 c5 2.Nf3 e6 3.d4 cxd4 4.Nxd4 a6 5.Bd3 Nf6 6.O-O Qc7 7.c4 d6 8.Nc3 g6
9.Be3 Bg7 10.Rc1 O-O 11.f3 Nbd7 12.Qd2 b6 13.Rfd1 Bb7 14.Bf1 Rfd8 15.b4 Rac8  1/2-1/2

[Event "XXXII Open"]
[Site "Barbera ESP"]
[Date "2009.07.05"]
[Round "2"]
[White "Cuartas,Ja"]
[Black "Schneider,Ve"]
[Result "1-0"]
[WhiteElo "2521"]
[BlackElo "2301"]

1.e4 c5 2.Nf3 e6 3.d4 cxd4 4.Nxd4 a6 5.Bd3 Nf6 6.O-O Qc7 7.Qe2 d6 8.c4 g6
9.f4 Bg7 10.Nc3 O-O 11.Kh1 Nbd7 12.Nf3 b6 13.Bd2 Bb7 14.Rae1 Rac8 15.Ng5 Rfe8
16.b3 Rcd8 17.Bb1 Bc6 18.a4 Nc5 19.Bc2 h6 20.Nh3 d5 21.e5 Nfe4 22.Nxe4 Nxe4
23.Bxe4 dxe4 24.Nf2 Qb7 25.Bc1 Rd4 26.Qe3 Red8 27.Ba3 Bf8 28.Bd6 Bxd6 29.Qxd4 Be7
30.Qe3 Bc5 31.Qg3 e3 32.Ng4 Rd2 33.Rg1 e2 34.Nxh6+ Kf8 35.Ng4 b5 36.cxb5 axb5
37.Qc3 Rd5 38.Ne3 Bd4 39.Qc1 Rc5 40.Qd2 Qd7 41.Rxe2 Rc3 42.Nc2 Bxg1 43.Qxc3  1-0

[Event "37th Greek Teams"]
[Site "Kallithea GRE"]
[Date "2009.07.05"]
[Round "4"]
[White "Markidis,K"]
[Black "Zahariev,Z"]
[Result "1-0"]
[WhiteElo "2334"]
[BlackElo "2399"]

1.e4 c5 2.Nf3 e6 3.d4 cxd4 4.Nxd4 a6 5.Bd3 Nf6 6.Qe2 d6 7.c4 Qc7 8.Nc3 g6
9.Nf3 Bg7 10.O-O O-O 11.Rd1 Nfd7 12.Bd2 Nc6 13.Rac1 Nce5 14.Nxe5 Nxe5 15.b3 b6
16.Be3 Bb7 17.Bb1 Rfe8 18.Na4 Nd7 19.Qd2 Bf8 20.Nxb6 Nxb6 21.Qa5 Nd5 22.Rxd5 Qe7
23.Rdd1 f5 24.f3 Rad8 25.Qe1 Ba8 26.Qf2 Rc8 27.Bd3 Bc6 28.c5 d5 29.exd5 exd5
30.Bd4 a5 31.Re1 Qb7 32.Rxe8 Rxe8 33.Re1 Rxe1+ 34.Qxe1 Qb4  1-0

[Event "XXXII Open"]
[Site "Barbera ESP"]
[Date "2009.07.06"]
[Round "3"]
[White "Kulkarni,C"]
[Black "Anuprita,P"]
[Result "1/2-1/2"]
[WhiteElo "2259"]
[BlackElo "2059"]

1.Nf3 c5 2.e4 e6 3.d4 cxd4 4.Nxd4 a6 5.Bd3 Nf6 6.O-O Qc7 7.Qe2 d6 8.a4 Nc6
9.Be3 Be7 10.Nc3 O-O 11.Nb3 b6 12.f4 Bb7 13.Kh1 Rfe8 14.Bf2 Nb4 15.Bg3 d5
16.e5 Ne4 17.Bxe4 dxe4 18.f5 exf5 19.e6 Qc8 20.exf7+ Kxf7 21.Nd4 Kg8 22.Nxf5 Qe6
23.Qg4 Bf8 24.Rad1 Nd5 25.Nxd5 Bxd5 26.Rxd5 Qxd5 27.Nh6+ Kh8 28.Nf7+ Kg8
29.Nh6+ Kh8  1/2-1/2

[Event "37th Greek Teams"]
[Site "Kallithea GRE"]
[Date "2009.07.07"]
[Round "7"]
[White "Bunis,V"]
[Black "Gavrilakis,N"]
[Result "1/2-1/2"]
[WhiteElo "2259"]
[BlackElo "2412"]

1.e4 c5 2.Nf3 e6 3.d4 cxd4 4.Nxd4 a6 5.Bd3 Bc5 6.Nb3 Be7 7.O-O d6 8.a4 Nf6
9.c4 O-O 10.Nc3 Nc6 11.a5 Bd7 12.Be3 Ne5 13.Be2 Rc8 14.Bb6 Qe8 15.Nd2 Bc6
16.Bd4 Ng6 17.Bf3  1/2-1/2

[Event "37th Greek Teams"]
[Site "Kallithea GRE"]
[Date "2009.07.08"]
[Round "8"]
[White "Stiri,A"]
[Black "Fakhiridou,E"]
[Result "1/2-1/2"]
[WhiteElo "2163"]
[BlackElo "2277"]

1.e4 c5 2.Nf3 e6 3.d4 cxd4 4.Nxd4 a6 5.Bd3 d5 6.O-O dxe4 7.Bxe4 Nf6 8.Bf3 Be7
9.c3 O-O 10.Qe2 Qc7 11.Nd2 e5 12.Nc2 Be6 13.Ne3 Nbd7 14.Qd3 Rfd8 15.Qc2 Nc5
16.Rd1 Bf8 17.b4 e4 18.Be2 Ncd7 19.Nxe4 Nxe4 20.Qxe4 Qxc3 21.Bd2 Qb2 22.Nc4 Qf6
23.Rac1 b5 24.Bc3 Qg6 25.Qxg6 hxg6 26.Na5 Nf6 27.Be5 Nd5 28.a3 Nf4 29.Bf1 Rac8
30.Rxc8 Rxc8 31.Nb7 Bb3 32.Rb1 Bd5 33.Nc5 Ne6 34.Nxe6 Bxe6 35.g3 Bd5  1/2-1/2

[Event "37th Greek Teams"]
[Site "Kallithea GRE"]
[Date "2009.07.08"]
[Round "8"]
[White "Fragaki,M"]
[Black "Spirou,M"]
[Result "1/2-1/2"]
[WhiteElo "1852"]
[BlackElo "1791"]

1.e4 c5 2.Nf3 e6 3.d4 cxd4 4.Nxd4 a6 5.Bd3 Qc7 6.O-O Nf6 7.Qe2 Nc6 8.Nxc6 bxc6
9.c4 h5 10.f4 Ng4 11.Be3 Qa5 12.Kh1 Nxe3 13.Qxe3 Bc5 14.Qe2 Bd4 15.Nd2 c5
16.e5 Qc7 17.Ne4 Rb8 18.Nd6+ Ke7 19.Rab1 Bb7 20.Be4 Bc6 21.Bxc6 Qxc6 22.Rf3 h4
23.h3 Rh6 24.f5 Rf8 25.Rbf1 Bxe5 26.Nxf7 Rxf7 27.Qxe5 d6 28.Qe1 e5 29.Rb3 Kf6
30.Rff3 Rh5 31.Qa5 Rxf5 32.Qd8+ Ke6 33.Rxf5 Kxf5 34.Qxh4 Ke6 35.Rb8 e4 36.Qg4+ Ke5
37.Rh8 Rf1+ 38.Kh2 Qb7 39.Rh5+ Kf6 40.Qg5+ Kf7 41.Rh7 Qxb2 42.Qd5+ Kg6 43.Qh5+ Kf6
44.Qh4+ Kf7 45.Qh5+ Kf6 46.Qh4+ Kf7  1/2-1/2

[Event "ch-SUI"]
[Site "Graechen SUI"]
[Date "2009.07.09"]
[Round "1"]
[White "Klauser,M"]
[Black "Arquint,A"]
[Result "1-0"]
[WhiteElo "2386"]
[BlackElo "2052"]

1.e4 c5 2.Nf3 e6 3.d4 cxd4 4.Nxd4 a6 5.Bd3 Qc7 6.O-O Nf6 7.c4 Nc6 8.Nxc6 bxc6
9.f4 d6 10.Nc3 Be7 11.Qe2 e5 12.Kh1 O-O 13.b3 exf4 14.Bxf4 Nd7 15.Rac1 Ne5
16.Bb1 Bf6 17.b4 Bg4 18.Qf2 Nxc4 19.e5 dxe5 20.Ne4 Be7 21.Qc2 g6 22.Bh6 Na3
23.Qb3 Nxb1 24.Bxf8 Rxf8 25.Rxb1 Be6 26.Qc2 Rb8 27.Nc5 Bxc5 28.Qxc5 Rb5 29.Qc3 Rd5
30.Rbc1 Rd4 31.a4 Rc4 32.Qb2 Rxc1 33.Rxc1 Qd6 34.Qc3 Bd5 35.Re1 f6 36.Kg1 Kg7
37.Rd1 Kf7 38.Rf1 h5 39.Qd2 Kg7 40.Qc3 Qe6 41.Qd2 Bb3 42.Ra1 e4 43.Qe3 Qd5
44.Re1 f5 45.a5 Bc4 46.Rc1 Bb5 47.h4 Qe5 48.Rc5 Qa1+ 49.Kh2 Qf6 50.Kg3 Bd3
51.Qf4 Bb5 52.Qe5 Qxe5+ 53.Rxe5 Kf6 54.Kf4 Bf1 55.g3 Bc4 56.Re8 Bb5 57.Rc8 Ba4
58.Rd8 Ke7 59.Ra8 Bb5 60.Rg8 Kf7 61.Rh8 Kg7 62.Rd8 Kf6 63.Rd6+ Kf7 64.Ke3 Ba4
65.Ke2 Bb5+ 66.Kf2 Ba4 67.Ke3 Bb5 68.Kf4 Ba4 69.Ke5 e3 70.Rd7+ Ke8 71.Kd6 g5
72.Re7+ Kf8 73.hxg5 Bc2 74.Rxe3 Be4 75.Ke5 Bc2 76.Kf6 Be4 77.g6 Kg8 78.Re2  1-0

[Event "8th Open"]
[Site "La Fere FRA"]
[Date "2009.07.09"]
[Round "7"]
[White "Feryn,A"]
[Black "Durot,E"]
[Result "1-0"]
[WhiteElo "1994"]
[BlackElo "1741"]

1.e4 c5 2.Nf3 e6 3.d4 cxd4 4.Nxd4 a6 5.Bd3 Nc6 6.Nxc6 dxc6 7.O-O e5 8.Nd2 Nf6
9.Nc4 Qc7 10.Bd2 Bc5 11.Ba5 b6 12.Bc3 Bd4 13.Bxd4 exd4 14.e5 Ng4 15.h3 Nh6
16.Nd6+ Kf8 17.f4 g6 18.Be4 Nf5 19.Bxf5 Bxf5 20.Nxf5 gxf5 21.Qxd4 Rd8 22.Qf2 Rg8
23.Rad1 c5 24.Qh4 Rd7 25.Qh6+ Rg7 26.Rxd7 Qxd7 27.Qxb6 Qd5 28.Qb8+ Ke7 29.Qc7+ Ke8
30.Qc8+ Ke7 31.Rf2 Qd1+ 32.Kh2 Qd4 33.Qb7+ Ke8 34.Qc6+ Ke7 35.Qf6+ Kf8 36.c3 Qd5
37.Qxa6  1-0

[Event "XXXII Open"]
[Site "Barbera ESP"]
[Date "2009.07.10"]
[Round "7"]
[White "Cuartas,Ja"]
[Black "Lopez Martinez,Josep"]
[Result "1/2-1/2"]
[WhiteElo "2521"]
[BlackElo "2555"]

1.e4 c5 2.Nf3 e6 3.d4 cxd4 4.Nxd4 a6 5.Bd3 Bc5 6.Nb3 Be7 7.O-O d6 8.f4 Nc6
9.Be3 Nf6 10.N1d2 O-O 11.c4 Qc7 12.Rc1 b6 13.Qe2 Nd7 14.Bb1 Bb7 15.Nf3 Rad8
16.Nbd4 Nxd4 17.Nxd4 Rfe8 18.f5 Bf6 19.fxe6 fxe6 20.Qg4 Ne5 21.Qg3 Qe7 22.b3 Rc8
23.Kh1 Ba8 24.Rcd1 Rcd8 25.a4 Nd7 26.Nf3 e5 27.b4 Kh8 28.Qf2 Rc8 29.Qd2 Rxc4
30.Qxd6 Bc6 31.Qxe7 Rxe7 32.Rc1 Rxc1 33.Rxc1 Nb8 34.Bxb6 Bxa4 35.Bd3 Re8
36.Ra1 Bb5 37.Bxb5 axb5 38.Bc5 Nd7 39.Bd6 h6 40.Ra7 Nb6 41.Rb7 Nc4 42.Bc5 Na3
43.g4 Kh7 44.Kg2 Kg6 45.h4 Re6 46.Kf1 Re8 47.Rb6 Kh7 48.Kg2 Ra8 49.Rb7 Kg6
50.h5+ Kh7 51.Be7 Bxe7 52.Rxe7 Nc2 53.Rxe5 Rb8 54.Rc5 Nxb4 55.Nd4 Re8 56.Kf3 Nd3
57.Rxb5 Ne5+ 58.Kf4 Nxg4 59.e5 Nxe5 60.Rxe5 Rxe5 61.Kxe5 g6 62.Kf6 gxh5 63.Nf5  1/2-1/2

[Event "32nd Aegean Open"]
[Site "Aghios Kirykos GRE"]
[Date "2009.07.11"]
[Round "1"]
[White "Zagrebelny,S"]
[Black "Xylogiannopoulos,A"]
[Result "1-0"]
[WhiteElo "2480"]
[BlackElo "2011"]

1.e4 c5 2.Nf3 e6 3.d4 cxd4 4.Nxd4 a6 5.Bd3 Bc5 6.Nb3 Ba7 7.Nc3 Nc6 8.Qe2 d6
9.Be3 b5 10.O-O-O Nf6 11.f4 Bxe3+ 12.Qxe3 e5 13.f5 Bb7 14.Be2 Qe7 15.g4 b4
16.Nd5 Nxd5 17.exd5 Na7 18.g5 Qc7 19.Kb1 Nc8 20.f6 g6 21.Qe4 Nb6 22.Na5 Bxd5
23.Rxd5 Nxd5 24.Qxd5 Rc8 25.Nc4 Rd8 26.Rd1 h6 27.Nxd6+ Kf8 28.Qxe5 hxg5 29.Bg4 Rh4
30.h3 Rh8 31.b3 a5 32.Rd4 Rh7 33.Rc4 Qa7 34.Re4 Qb8 35.Qe7+ Kg8 36.Nc8  1-0

[Event "6th South Wales Int"]
[Site "Treforest WLS"]
[Date "2009.07.13"]
[Round "4"]
[White "Radulski,J"]
[Black "Miezis,N"]
[Result "1-0"]
[WhiteElo "2539"]
[BlackElo "2572"]

1.e4 c5 2.Nf3 e6 3.d4 cxd4 4.Nxd4 a6 5.Bd3 Nc6 6.Nxc6 dxc6 7.O-O e5 8.Nd2 Nf6
9.Nc4 Qc7 10.Be3 Be6 11.Bb6 Qb8 12.Qf3 Nd7 13.a4 Be7 14.Rfd1 O-O 15.Be2 Qc8
16.Ba5 Qb8 17.Ne3 Re8 18.Rd2 b5 19.Nf5 Bf8 20.Rad1 Nb6 21.b3 bxa4 22.Qe3 Bxf5
23.Bxb6 Be6 24.bxa4 Qb7 25.a5 Bb4 26.Rd3 Qe7 27.c3 Ba3 28.c4 Bb2 29.R3d2 Bd4
30.Bxd4 exd4 31.Qxd4 Qa3 32.Qb6 h6 33.h3 c5 34.e5 Qc3 35.Qxc5 Rac8 36.Qd4 Qxa5
37.Ra1 Qc5 38.Qc3 Qc6 39.Rd6 Qe4 40.Bd3 Qh4 41.c5 Rb8 42.c6 Rec8 43.Bxa6 Rc7
44.Bb7 Rbxb7 45.cxb7 Rxc3 46.b8=Q+ Rc8 47.Qb6 Kh7 48.Qb1+ Kh8 49.Qd3 Qg5
50.Re1 g6 51.Qd2 Qxd2 52.Rxd2 g5 53.Kh2 Kg7 54.g4 Rc4 55.Kg3 Rb4 56.Re3 Ra4
57.f3 Rb4 58.h4 Rb1 59.h5 Rg1+ 60.Kf2 Ra1 61.Rd8 Ra5 62.Rd4 Ra2+ 63.Kg3 Ra1
64.Rc3 Ra5 65.f4 gxf4+ 66.Kxf4 Ra1 67.Kf3 Re1 68.Re3 Ra1 69.Kf2 Ra5 70.Rf4 Ra1
71.Kg3 Rb1 72.Ra4 Rg1+ 73.Kf2 Rc1 74.Kg3 Rc5 75.Rb4 Ra5 76.Rc3 Ra1 77.Kf4 Re1
78.Rd4 Rf1+ 79.Ke3 Re1+ 80.Kf4 Rf1+ 81.Rf3 Rg1  1-0

[Event "32nd Aegean Open"]
[Site "Aghios Kirykos GRE"]
[Date "2009.07.18"]
[Round "8"]
[White "Mista,A"]
[Black "Markus,Rob"]
[Result "1-0"]
[WhiteElo "2568"]
[BlackElo "2587"]

1.e4 c5 2.Nf3 e6 3.d4 cxd4 4.Nxd4 a6 5.Bd3 Bc5 6.Nb3 Be7 7.O-O d6 8.c4 Nf6
9.Nc3 b6 10.Re1 Bb7 11.Bf4 Nbd7 12.Bf1 Qc7 13.Rc1 O-O 14.a3 Rfc8 15.Nd2 Qd8
16.Qe2 Ne8 17.Be3 Rab8 18.Red1 Bf6 19.f3 Ba8 20.Qf2 Bh4 21.g3 Bg5 22.b4 Bxe3
23.Qxe3 Qe7 24.Be2 h5 25.Nb3 Rc6 26.b5 axb5 27.cxb5 Rcc8 28.Na4 Rxc1 29.Rxc1 d5
30.exd5 Bxd5 31.Nd4 Ra8 32.Nc3 Nef6 33.a4 Rc8 34.Nxd5 Rxc1+ 35.Qxc1 Nxd5
36.Nc6 Qf6 37.f4 g6 38.Bf3 Qc3 39.Qxc3 Nxc3 40.a5 bxa5 41.Nxa5 Nb6 42.Bc6 Kg7
43.Kf2 Kf6 44.Ke3 g5 45.Kd4 Nca4 46.fxg5+ Kxg5 47.Nc4 Nxc4 48.Kxc4 e5 49.Bf3 f5
50.Kb4 e4 51.h4+ Kg6 52.Be2 Nb6 53.Kc5 Na4+ 54.Kd4 Nb6 55.Bd1 Nd7 56.Kd5 Nb6+
57.Kc5 Nc8 58.Be2 Kh6 59.Kc6 Kg6 60.Kc7 Ne7 61.Bc4 e3 62.Kd6 Kf6 63.Be2 Nc8+
64.Kd5 f4 65.gxf4 Kf5 66.Bxh5 Nb6+ 67.Kd4 Kxf4 68.Be2  1-0

[Event "ch-PUR"]
[Site "Caguas PUR"]
[Date "2009.07.18"]
[Round "5"]
[White "Ovalle,R"]
[Black "Santa Torres,J"]
[Result "0-1"]
[WhiteElo "2148"]
[BlackElo "2229"]

1.e4 c5 2.Nf3 e6 3.d4 cxd4 4.Nxd4 a6 5.Bd3 Nf6 6.O-O Qc7 7.c4 Nc6 8.Nf3 Be7
9.Qe2 d6 10.Nc3 O-O 11.h3 b6 12.Bg5 Bb7 13.Rac1 Ne5 14.Nxe5 dxe5 15.f4 exf4
16.Bxf4 Qc5+ 17.Kh1 Nh5 18.Bh2 g6 19.e5 Rad8 20.Be4 Qc7 21.Bxb7 Qxb7 22.Rcd1 Rxd1
23.Rxd1 Rd8 24.Rxd8+ Bxd8 25.Qd3 Be7 26.Ne4 Qc6 27.Qd4 h6 28.Nd6 Ng7 29.b4 Nf5
30.Qd3 Qa4 31.a3 Qc6 32.Kg1 Bg5 33.Ne4 Be7 34.Kf1 Qxc4 35.Ke2 Nd4+ 36.Ke3 Nc2+
37.Kd2 Qxd3+ 38.Kxd3 Nxa3 39.Nd6 Kf8 40.Nc8 b5 41.Bf4 h5 42.Nd6 Bxd6 43.exd6 Nc4
44.Kd4 Ke8  0-1

[Event "1st Artemis Cup"]
[Site "Leros GRE"]
[Date "2009.07.18"]
[Round "8"]
[White "Timoshenko,G"]
[Black "Van Dijk,Ti"]
[Result "1-0"]
[WhiteElo "2556"]
[BlackElo "2242"]

1.e4 c5 2.Nf3 e6 3.d4 cxd4 4.Nxd4 a6 5.Bd3 Bc5 6.Nb3 Be7 7.O-O d6 8.Qg4 g6
9.Qe2 Nd7 10.Na3 Qc7 11.Nc4 b5 12.Nca5 Nc5 13.c4 Nxd3 14.Qxd3 Bd7 15.Be3 Nf6
16.Rac1 b4 17.Rfd1 Ba4 18.c5 d5 19.exd5 Nxd5 20.Bh6 Bf8 21.Qd4 Rg8 22.Bxf8 Kxf8
23.g3 Rb8 24.Nc4 Ke7 25.Nd6 h5 26.Re1 Nf6 27.Qe5 Qc6 28.Nd4 Qd5 29.N4f5+ gxf5
30.Nxf5+ Kd7 31.c6+ Bxc6 32.Red1 exf5 33.Qxf6  1-0

[Event "32nd Taminco Open"]
[Site "Ghent BEL"]
[Date "2009.07.21"]
[Round "8"]
[White "Dgebuadze,A"]
[Black "Miezis,N"]
[Result "1/2-1/2"]
[WhiteElo "2516"]
[BlackElo "2572"]

1.e4 c5 2.Nf3 e6 3.d4 cxd4 4.Nxd4 a6 5.Bd3 Nc6 6.Nxc6 dxc6 7.O-O e5 8.Nd2 Nf6
9.Nc4 Qc7 10.Bd2 b5 11.Ba5 Qb8 12.Ne3 Be7 13.Qf3 g6 14.a4 Ra7 15.axb5 axb5
16.Bd2 Rxa1 17.Rxa1 Be6 18.c3 Bd7  1/2-1/2

[Event "2nd Open"]
[Site "Paleohora GRE"]
[Date "2009.07.21"]
[Round "1"]
[White "Iatros,A"]
[Black "David,Alb"]
[Result "0-1"]
[WhiteElo "1849"]
[BlackElo "2565"]

1.e4 c5 2.Nf3 e6 3.d4 cxd4 4.Nxd4 a6 5.Bd3 Bc5 6.Nb3 Be7 7.Nc3 d6 8.Be3 Nf6
9.O-O b5 10.f3 Nbd7 11.a4 b4 12.Ne2 d5 13.exd5 Nxd5 14.Bf2 Bb7 15.Re1 O-O
16.Ng3 Qc7 17.Qd2 N7f6 18.Ne4 Nxe4 19.Rxe4 Bd6 20.Rh4 h6 21.g3 Rfd8 22.Re1 Nf6
23.Qe3 Bd5 24.Rxh6 Bxb3 25.Rxf6 Bc4 26.Be4 Rac8 27.Rh6 gxh6 28.Qxh6 f5 29.Bd3 Qg7
30.Qxg7+ Kxg7 31.Bxc4 Rxc4 32.Rxe6 Rxc2 33.Bd4+ Kf7 34.Rf6+ Ke8 35.Rxf5 Be7
36.Bf2 Rd1+  0-1

[Event "TCh Eur-Youth U18"]
[Site "Pardubice CZE"]
[Date "2009.07.21"]
[Round "6"]
[White "Hartl,D"]
[Black "Abdulla,K"]
[Result "0-1"]
[WhiteElo "2249"]
[BlackElo "2113"]

1.e4 c5 2.Nf3 e6 3.d4 cxd4 4.Nxd4 a6 5.Bd3 Nf6 6.O-O Qc7 7.Qe2 d6 8.c4 g6
9.Nc3 Bg7 10.Rd1 O-O 11.h3 Nc6 12.Nf3 b6 13.Bf4 Nd7 14.Rac1 Nde5 15.Nxe5 Nxe5
16.b3 Bb7 17.Bb1 Rfd8 18.Qe3 Rab8 19.Bg3 Ba8 20.f4 Nd7 21.Qd2 Nc5 22.Qe2 Bc6
23.f5 Qe7 24.fxe6 fxe6 25.Qg4 Bf6 26.Ne2 Bg5 27.Bf4 Bf6 28.Be3 Re8 29.Rf1 Nd7
30.Nd4 Ne5 31.Qe2 Bg7 32.Rcd1 Ba8 33.Nf3 Nxf3+ 34.Rxf3 d5 35.cxd5 exd5 36.Qxa6 dxe4
37.Rf2 b5 38.Rfd2 Qb7 39.Qa5 Qf7 40.Rd7 Qf5 41.Qa7 Be5 42.a4 Qh5 43.b4 Rb7
44.Qc5 Rxd7 45.Rxd7 Qe2 46.Qc1 bxa4 47.b5 Qxb5 48.Ba2+ Kh8 49.Qd1 Bf6 50.Rd6 Bg7
51.Be6 Rf8 52.Rd8 Qb4 53.Rd7 Bf6 54.Ra7 Qc3 55.Qc1 Qxc1+ 56.Bxc1 Bd4+ 57.Kh2 Bc6
58.Rc7 Bb5 59.Rc2 Bd3 60.Ra2 Kg7 61.h4 Be5+ 62.Kh3 Rf1 63.Bb2 Rh1+ 64.Kg4 Be2+  0-1

[Event "17th Open"]
[Site "Saint Affrique FRA"]
[Date "2009.07.21"]
[Round "5"]
[White "Lagarde,Max"]
[Black "Iwanesko,A"]
[Result "1-0"]
[WhiteElo "2352"]
[BlackElo "2101"]

1.e4 c5 2.Nf3 e6 3.d4 cxd4 4.Nxd4 a6 5.Bd3 Bc5 6.Nb3 Be7 7.Nc3 d6 8.Qe2 Qc7
9.Be3 Nf6 10.f4 Nc6 11.O-O b5 12.a4 b4 13.Nb1 Bb7 14.N1d2 a5 15.Kh1 O-O 16.Qf3 Ba6
17.g4 Bb7 18.g5 Nd7 19.Qh3 Rfe8 20.Kg1 Bf8 21.Qh4 g6 22.Rf3 Bg7 23.Raf1 f5
24.gxf6 Bxf6 25.Qh3 Bxb2 26.Rg3 Nf8 27.Nc4 Bg7 28.f5 exf5 29.exf5 gxf5 30.Rxf5 Ng6
31.Rfg5 Rxe3 32.Nxe3 Nce5 33.Qe6+ Kh8 34.Rh5 Rf8 35.Bxg6 h6 36.Be4 Bxe4 37.Rxh6+ Bh7
38.Rxh7+ Kxh7 39.Rh3+ Bh6 40.Qxh6+ Kg8 41.Qh8+ Kf7 42.Qh7+  1-0

[Event "13th Battle of Senta Open A"]
[Site "Senta SRB"]
[Date "2009.07.21"]
[Round "5"]
[White "Nadj Hedjesi,B"]
[Black "Nestorovic,De"]
[Result "1/2-1/2"]
[WhiteElo "2463"]
[BlackElo "2405"]

1.e4 c5 2.Nf3 e6 3.d4 cxd4 4.Nxd4 a6 5.Bd3 Nf6 6.Qe2 d6 7.O-O Be7 8.a4 O-O
9.Kh1 Bd7 10.a5 Nc6 11.Nxc6 Bxc6 12.c4 Nd7 13.Nc3 b6 14.axb6 Qxb6 15.Nd5 Qd8
16.Nxe7+ Qxe7 17.b4 Ne5 18.Ba3 Nxd3 19.Qxd3 Qb7 20.Qxd6  1/2-1/2

[Event "Corporation Centre Cup"]
[Site "Izhevsk RUS"]
[Date "2009.07.22"]
[Round "8"]
[White "Ozolin,M"]
[Black "Shaposhnikov,E"]
[Result "0-1"]
[WhiteElo "2370"]
[BlackElo "2546"]

1.e4 c5 2.Nf3 e6 3.d4 cxd4 4.Nxd4 a6 5.Bd3 Bc5 6.Nb3 Be7 7.Qe2 d6 8.Be3 Nf6
9.Nc3 b5 10.f4 b4 11.Na4 Nbd7 12.c4 Bb7 13.Nd2 O-O 14.O-O Bc6 15.b3 Qc7 16.a3 bxa3
17.Nc3 Qa5 18.Ndb1 d5 19.cxd5 exd5 20.e5 Ne4 21.Nxe4 dxe4 22.Bc4 Kh8 23.Rc1 f6
24.exf6 Nxf6 25.Nxa3 Bxa3 26.Rc2 Be8 27.h3 Nh5 28.Qf2 Nxf4 29.Kh1 Bg6 30.Rca2 Nd5
31.Qd2 Qxd2 32.Bxd2 Nb4 33.Rxa3 Nc2 34.R3a2 Nxa1 35.Rxa1 Bf7 36.Bb4 Rfb8
37.Bd6 Rd8 38.Be7 Rd7 39.Bxf7 Rxe7 40.Bd5 Rd8 41.Rxa6 e3  0-1

[Event "Corporation Centre Cup"]
[Site "Izhevsk RUS"]
[Date "2009.07.22"]
[Round "8"]
[White "Krutko,A"]
[Black "Sakharov,L"]
[Result "1-0"]
[WhiteElo "2459"]
[BlackElo "2146"]

1.e4 c5 2.Nf3 e6 3.d4 cxd4 4.Nxd4 a6 5.Bd3 Qc7 6.O-O b5 7.c3 Nc6 8.Be3 Bb7
9.Nd2 Nf6 10.f4 Be7 11.a4 b4 12.Nxc6 Bxc6 13.Bd4 Qb7 14.Qe2 O-O 15.e5 Ne8
16.f5 exf5 17.Rxf5 bxc3 18.bxc3 Nc7 19.Rb1 Qc8 20.Qh5 g6 21.Qh6 Ne6 22.Rh5 Ng5
23.h4 f5 24.hxg5 Rf7 25.Bc4 gxh5 26.g6  1-0

[Event "2nd Open"]
[Site "Paleohora GRE"]
[Date "2009.07.22"]
[Round "3"]
[White "Timoshenko,G"]
[Black "Maryasin,B"]
[Result "0-1"]
[WhiteElo "2556"]
[BlackElo "2348"]

1.e4 c5 2.Nf3 e6 3.d4 cxd4 4.Nxd4 a6 5.Bd3 Qb6 6.Nb3 Qc7 7.O-O Nf6 8.Qe2 d6
9.a4 b6 10.a5 b5 11.Na3 Nbd7 12.c4 b4 13.Nc2 Rb8 14.f4 Be7 15.Bd2 h5 16.Rf3 Ng4
17.h3 Qa7+ 18.Kh1 g5 19.g3 h4 20.Kg2 hxg3 21.Rxg3 Ngf6 22.Rxg5 Nf8 23.Re1 Ng6
24.Rxg6 fxg6 25.e5 Bb7+ 26.Kh2 Ng4+ 27.Kg3 Nf2 28.Qe3 Bh4+ 29.Kh2 Ng4+ 30.hxg4 Bxe1+  0-1

[Event "zt 3.3"]
[Site "Ho Chi Minh City VIE"]
[Date "2009.07.23"]
[Round "2"]
[White "Baba,M"]
[Black "Vuong Trung Hieu"]
[Result "1-0"]
[WhiteElo "2229"]
[BlackElo "1964"]

1.e4 c5 2.Nf3 e6 3.d4 cxd4 4.Nxd4 a6 5.Bd3 Nf6 6.O-O d6 7.c4 Nbd7 8.Nc3 Be7
9.Kh1 Ne5 10.Be2 Qc7 11.f4 Nc6 12.Be3 Bd7 13.Rc1 O-O 14.Bf3 Rac8 15.Qe1 Rfe8
16.b3 Qb8 17.Qg3 Bf8 18.Rcd1 Kh8 19.Nxc6 Bxc6 20.Bd4 e5 21.fxe5 dxe5 22.Be3 b5
23.Be2 b4 24.Nd5 Nxe4 25.Qh4 Bxd5 26.Rxd5 Nc3 27.Bd3 e4 28.Rh5 h6 29.Bd4 Kg8
30.Rxh6 f6 31.Rh8+ Kf7 32.Rxf6+  1-0

[Event "Synthesia Rapid Open"]
[Site "Pardubice CZE"]
[Date "2009.07.23"]
[Round "5"]
[White "Panocki,A"]
[Black "Neiksans,A"]
[Result "0-1"]
[WhiteElo "2369"]
[BlackElo "2478"]

1.e4 c5 2.Nf3 e6 3.d4 cxd4 4.Nxd4 a6 5.Bd3 Bc5 6.Nb3 Ba7 7.Nc3 Nc6 8.Qe2 Qc7
9.Be3 Bxe3 10.Qxe3 Nf6 11.f4 d6 12.O-O-O Bd7 13.g4 h6 14.Rhg1 O-O-O 15.h4 Kb8
16.g5 hxg5 17.hxg5 Ng8 18.Be2 Nge7 19.Rh1 Bc8 20.Bh5 d5 21.exd5 exd5 22.Nd4 Nxd4
23.Qxd4 Nf5 24.Qf2 d4 25.Ne2 Ne3 26.Rd2 Bf5 27.Nxd4 Rxd4 28.Qxe3 Rxd2 29.Qxd2 Bg4  0-1

[Event "17th Open"]
[Site "Saint Affrique FRA"]
[Date "2009.07.23"]
[Round "7"]
[White "Lagarde,Max"]
[Black "Van Elst,A"]
[Result "1-0"]
[WhiteElo "2352"]
[BlackElo "2288"]

1.e4 c5 2.Nf3 e6 3.d4 cxd4 4.Nxd4 a6 5.Bd3 Nf6 6.O-O Qc7 7.Qe2 d6 8.c4 g6
9.f4 Bg7 10.Nf3 O-O 11.Nc3 Nc6 12.Kh1 b6 13.Bd2 Bb7 14.Rae1 Rad8 15.b3 Nh5
16.Ng5 Nd4 17.Qf2 h6 18.Nh3 f5 19.exf5 gxf5 20.Be3 e5 21.Bxd4 exd4 22.Nd5 Bxd5
23.cxd5 b5 24.Qf3 Qf7 25.Re6 Nf6 26.Rfe1 Ng4 27.Nf2 Ne3 28.Nd1 Nxd1 29.Qxd1 Rc8
30.Qf3 Rc5 31.g4 Rc3 32.g5 hxg5 33.fxg5 Be5 34.Qh3 Rfc8 35.Rf1 Rc1 36.Rxc1 Rxc1+
37.Kg2 Ra1 38.g6 Rxa2+ 39.Kf3 Qd7 40.Qxf5 Bg7 41.Qe4 Bf8 42.Qh4 Rd2 43.Be4 Rd1
44.Ke2 Rg1 45.Qh7+ Qxh7 46.gxh7+ Kg7 47.Kf2 Rg4 48.h3 Rg5 49.Re8 Rh5 50.Kg3 Rh6
51.Kg4 Kf7 52.Rc8 Bg7 53.Kg5 d3 54.Bxd3 Rxh3 55.Bg6+  1-0

[Event "Czech Open A"]
[Site "Pardubice CZE"]
[Date "2009.07.24"]
[Round "1"]
[White "Ambartsumova,K"]
[Black "Kanovsky,D"]
[Result "0-1"]
[WhiteElo "2274"]
[BlackElo "2483"]

1.e4 c5 2.Nf3 e6 3.d4 cxd4 4.Nxd4 a6 5.Bd3 Qc7 6.O-O g6 7.Be3 Bg7 8.Nc3 Nf6
9.f4 d6 10.e5 dxe5 11.Ndb5 axb5 12.Nxb5 Qe7 13.fxe5 Nd5 14.Nd6+ Qxd6 15.exd6 Nxe3
16.Bb5+ Nd7 17.Qd3 Nxf1 18.Kxf1 O-O 19.Qb3 Rd8 20.Rd1 h5 21.a4 Ne5 22.c4 Bd7
23.Bxd7 Rxd7 24.Qb5 Nc6 25.b3 Bc3 26.c5 Bb4 27.Rc1 Ra5 28.Qb6 Bd2 29.Rc2 Bg5
30.b4 Rxa4 31.b5 Nd4 32.c6 Be3  0-1

[Event "Continental ch-Americas"]
[Site "Sao Paulo BRA"]
[Date "2009.07.25"]
[Round "1"]
[White "Tsuboi,E"]
[Black "Suasnabar,J"]
[Result "1-0"]
[WhiteElo "2399"]
[BlackElo "2027"]

1.e4 c5 2.Nf3 e6 3.d4 cxd4 4.Nxd4 a6 5.Bd3 Qc7 6.O-O Nf6 7.Qe2 d6 8.c4 Nc6
9.Nxc6 bxc6 10.Nc3 Be7 11.f4 e5 12.f5 O-O 13.Kh1 h6 14.Be3 Rd8 15.Rac1 Rb8
16.b3 Qa5 17.Na4 d5 18.cxd5 cxd5 19.Bd2 Bb4 20.Rc5 Qxa4 21.bxa4 Bxc5 22.exd5 Rb2
23.Qe1 Nxd5 24.Bc1 Rxa2 25.Qxe5 Bb7 26.Be4 Re2 27.Rd1 Rc8 28.Bb2 Bf8 29.Qd4 Re8
30.Bxd5 Bxd5 31.h3 Bxg2+ 32.Kg1 Bxh3 33.f6 g6 34.Bc3 Rg2+ 35.Kh1 Ree2 36.Qf4 Rgf2
37.Qb8 Kh7 38.Be1  1-0

[Event "ZMD Open"]
[Site "Dresden GER"]
[Date "2009.07.26"]
[Round "2"]
[White "Groetzbach,D"]
[Black "Schaefer,Er"]
[Result "0-1"]
[WhiteElo "1803"]
[BlackElo "2164"]

1.e4 c5 2.Nf3 e6 3.d4 cxd4 4.Nxd4 a6 5.Bd3 Qc7 6.O-O Nf6 7.Qe2 d6 8.c4 Nbd7
9.Kh1 Be7 10.f4 b6 11.Nc3 Bb7 12.Bd2 Rc8 13.b3 h6 14.Rae1 Qc5 15.Qe3 Ng4
16.Qg1 Bf6 17.Nf3 Qxg1+ 18.Kxg1 Be7 19.h3 Ngf6 20.Bc2 O-O 21.g4 Nb8 22.Kg2 Nh7
23.Kg3 Rfd8 24.h4 Bf6 25.Re3 d5 26.e5 d4 27.Bxh7+ Kxh7 28.Nxd4 Rxd4 29.Bc1 Be7
30.f5 exf5 31.Rxf5 Kg8 32.Ref3  0-1

[Event "Czech Open A"]
[Site "Pardubice CZE"]
[Date "2009.07.26"]
[Round "3"]
[White "Korinek,O"]
[Black "Kanovsky,D"]
[Result "0-1"]
[WhiteElo "2275"]
[BlackElo "2483"]

1.e4 c5 2.Nf3 e6 3.d4 cxd4 4.Nxd4 a6 5.Bd3 Qc7 6.O-O Nf6 7.Qe2 d6 8.Nc3 Be7
9.Bd2 b5 10.a4 bxa4 11.Rxa4 O-O 12.Nb3 Bd7 13.Raa1 a5 14.Nd4 Nc6 15.Nxc6 Bxc6
16.b3 Qb7 17.f3 Rfc8 18.Rac1 Nd7 19.Bb5 Bf6 20.Bxc6 Rxc6 21.Na4 Rac8 22.Qd1 Nb6
23.Kh1 Nxa4 24.bxa4 Qa6 25.Qe1 Rc5 26.h3 h6 27.c4 Rxc4 28.Qe2 d5 29.exd5 exd5
30.Qd3 Qc6 31.Rcd1 Rxa4 32.Be3 d4 33.Bd2 Qd6 34.Rfe1 Ra2 35.Qf5 Rd8 36.Bxa5 g6
37.Qb5 Qg3 38.Rg1 Rb8 39.Be1 Qf4 40.Qd3 Rbb2 41.Qe4 Qxe4 42.fxe4 Be5 43.Rd3 Re2
44.Bg3 Bxg3 45.Rxg3 Rxe4 46.Rd3 Rae2 47.Kh2 Rf4 48.Kg3 g5 49.Rgd1 Ree4 50.Kh2 h5
51.Rg3 f6 52.Rd2 h4  0-1